01447nam a2200301Ia 4500003000400000005001700004008004100021020003500062040001700097082002100114100001800135245005100153250001100204260003000215300001700245440001000262500009000272650002700362651002400389942000900413952012900422952012900551952012900680952010700809952010700916952010701023999001501130IIN20240206130917.0231217s9999 xx 000 0 und d cRs.300.00a9788192406015 (pbk) aIINbEnglish a616.890231 bKPA1 aKapoor, Bimla 2aA Textbook Psychiatric Nursing /cBimla Kapoor a3rd ed aDelhi :bKumar Pub,c2010 axviii-4922p. vVol.2 aIncluding Glossary (477-480), References (481-484), Index (485-492) end of the book.1 aMental HealthvNursing aPsychiatric Nursing cBOOK 00102ddc40708PURCHaIINbIINd2023-12-17g300.00l0o616.890231 KPAp1332r2024-02-06 13:10:30tVol.2w2023-12-17yBOOK 00102ddc40708PURCHaIINbIINd2023-12-17g300.00l0o616.890231 KPAp1333r2024-02-06 13:10:30tVol.2w2023-12-17yBOOK 00102ddc40708PURCHaIINbIINd2023-12-17g300.00l0o616.890231 KPAp1334r2024-02-06 13:10:30tVol.2w2023-12-17yBOOK 00102ddc4070aIINbIINd2024-06-15l0o616.890231 KPAp1699r2024-06-15 19:49:27w2024-06-15yBOOK 00102ddc4070aIINbIINd2024-06-15l0o616.890231 KPAp1700r2024-06-15 19:49:27w2024-06-15yBOOK 00102ddc4070aIINbIINd2024-06-15l0o616.890231 KPAp1701r2024-06-15 19:49:27w2024-06-15yBOOK c1655d1655